Історія релігії в Україні: у 10 томах (Запис № 347387)

МАРК-запис
000 -Лідер
fixed length control field 00887nam a22002657a 4500
001 - Контрольний номер
control field 61666
003 - Ідентифікатор контрольного номера
control field UA-OsUOA
005 - Дата та час останнього входження (трансакції)
control field 20220512202520.0
007 - Фіксоване поле фізичного опису
fixed length control field ta
008 - Елементи даних фіксованої довжини – загальна інформація
fixed length control field 20090709b un ||||| |||| 00| 0 ukr d
020 ## - Міжнародний стандартний книжковий номер (ISBN)
Міжнародний стандартний книжковий номер (ISBN) (НП) 9789667996451
040 ## - Джерело каталогізації
Агенція оригінальної каталогізації UA-OsUOA
Мова каталогізації ukr
Агенція, яка здійснювала перезапис UA-OsUOA
Агенція, яка здійснювала модифікацію UA-OsUOA
041 ## - Код мови
Код мови тексту/ звукової доріжки чи окремого заголовка (П) ukr
080 ## - Індекс Універсальної десяткової класифікації
Індекс Універсальної десяткової класифікації (УДК) (НП) 284(477)
090 ## - Локальний шифр розміщення
Класифікаційний індекс УДК 284(477)
Авторський знак (НП) П36
245 ## - Відомості про назву
Назва (НП) Історія релігії в Україні: у 10 томах
Дані про відповідальність (НП) за ред П. Яроцького
260 ## - Публікація, розповсюдження і т.п. (Вихідні дані)
Місце публікації, розповсюдження і т.п. (П) Київ
-- Дрогобич
Ім’я/ наймення видавництва, розповсюджувача і т.п. (П) Коло
Дата публікації, розповсюдження і т.п. (П) 2007
300 ## - Фізичний опис
Обсяг 632 с.
505 ## - Форматована примітка про зміст
Змішана інформація Т. 6
Назва Пізній протестантизм в Україні
650 #7 - Додаткове предметне введення – тематичний термін
Тематичний термін чи географічна назва, як елемент введення (НП) 28 Християнські церкви, секти, конфесії
Джерело заголовка чи терміна UDC
700 1# - Додаткове введення – ім'я особи
Ім’я особи (НП) Яроцький П.
Термін відношення ред.
942 ## - Додаткові елементи входу (Коха)
Тип елемента Koha Книги
Source of classification or shelving scheme Universal Decimal Classification
955 ## - Код типу видання за змістом
Код типу видання за змістом (НП) Навчальні видання
Фонди
Стан вилучень Стан втрат Джерело класифікації або схеми стелажів Стан уражень Не для кредиту Постійне місце розташування Поточне розміщення Дата придбання Джерело придбання Вартість, звичайна ціна покупки Послідовне перерахування / хронологія Інвентарний номер Повний номер виклику Штрих-код Дата останнього перегляду Ціна ефективна від Тип елемента Koha
    Universal Decimal Classification     ЧЗ - Читальна зала ЧЗ - Читальна зала 09/07/2009 104/2009 46.40 Т. 6 122235 284(477) П36 122235 07/02/2022 09/07/2009 Книги
    Universal Decimal Classification     ЧЗ - Читальна зала ЧЗ - Читальна зала 09/07/2009 104/2009 46.40 Т. 6 122236 284(477) П36 122236 07/02/2022 09/07/2009 Книги
Withdrawn   Universal Decimal Classification     ЧЗ - Читальна зала ЧЗ - Читальна зала 09/07/2009 104/2009 46.40 Т. 6 122237 284(477) П36 122237 13/07/2019 09/07/2009 Книги